00549nam a2200121Ia 4500020001800000082001800018100001500036245004700051260005300098300001000151650003800161653022800199 a9788174092489 a620.0042bGRE aGrewal,B.S aNumerical methods in engineering & science bKhanna Books Publishing Co. Ltd.aN. Delhic2011 a676p. aENGINEERING AND ALLIED OPERATIONS aAPPROXIMATIONS AND ERRORS IN COMPUTATION, SOLUTION OF ALGEBRAIC AND TRANSCENDENTAL EQUATIONS,SOLUTIONS OF SIMULTANEOUS ALGEBRAIC EQUATIONS, MATRIX INVERSION AND EIGEN-VALUE PROBLEMS, FINITE DIFFERENCES,INTERPOLATION, MATLAB